[Event "6. ODEM U25 2009"]
[Site "Willingen GER"]
[Date "2009.06.05"]
[Round "8"]
[White "Stövesand, Eric"]
[Black "Wild, Achim"]
[Result "1/2-1/2"]
[Termination "normal"]
[Board "10"]
[WhiteElo "1805"]
[BlackElo "1947"]
[PlyCount "156"]
[WhiteFideId "24651117"]
[BlackFideId "4658728"]
[EventCountry "GER"]
[EventRounds "9"]
[EventType "swiss"]
[EventDate "2009.05.30"]

1. e4 e5 2. Nf3 d6 3. d4 exd4 4. Nxd4 Nf6 5. Nc3 Be7 6. Bc4 O-O 7. O-O Re8 8.
h3 Nbd7 9. Re1 Bf8 10. Bg5 Ne5 11. Bb3 c6 12. Nf3 Bd7 13. Nxe5 dxe5 14. Bxf6
gxf6 15. Qh5 Be6 16. Ne2 Bc5 17. Ng3 Qd2 18. Re2 Qf4 19. Nf5 Qg5 20. Qxg5+ fxg5
21. Bxe6 fxe6 22. Nh6+ Kg7 23. Ng4 Rad8 24. Nxe5 Rd6 25. Nf3 h6 26. Rd2 Rxd2
27. Nxd2 h5 28. Nb3 Bb6 29. Rd1 Re7 30. Kf1 Rf7 31. f3 g4 32. hxg4 hxg4 33. Ke2
Kf8 34. Rf1 g3 35. Rh1 Ke7 36. Nd2 Bc7 37. Nf1 b5 38. Rh4 Be5 39. b3 a5 40. Rg4
Rh7 41. Nxg3 Bxg3 42. Rxg3 Rh1 43. Rg7+ Kf6 44. Ra7 Rc1 45. Rxa5 Rxc2+ 46. Kf1
Ke5 47. a4 Ra2 48. Ra6 b4 49. Rxc6 Rb2 50. a5 Rxb3 51. a6 Rb2 52. a7 Ra2 53.
Rb6 Rxa7 54. Rxb4 Ra2 55. Kg1 Kf4 56. Kh2 Ra8 57. Rb6 Ke5 58. Kg3 Rg8+ 59. Kf2
Ra8 60. Rb2 Ra3 61. Re2 Ra8 62. g3 Ra3 63. f4+ Kd4 64. f5 Ke5 65. g4 exf5 66.
gxf5 Ra5 67. Kf3 Rb5 68. Re3 Rb1 69. Kg4 Rg1+ 70. Rg3 Re1 71. Kg5 Rf1 72. Rg4
Rf2 73. Kg6 Rf1 74. Rg5 Rf2 75. f6+ Ke6 76. e5 Ra2 77. f7 Rf2 78. Rg1 Rxf7
1/2-1/2

[Event "6. ODEM U25 2009"]
[Site "Willingen GER"]
[Date "2009.06.05"]
[Round "8"]
[White "Frischmann, Rick"]
[Black "Sievers, Andy"]
[Result "1/2-1/2"]
[Termination "normal"]
[Board "11"]
[WhiteElo "1685"]
[BlackElo "1953"]
[PlyCount "66"]
[WhiteFideId "24660752"]
[BlackFideId "24607908"]
[EventCountry "GER"]
[EventRounds "9"]
[EventType "swiss"]
[EventDate "2009.05.30"]

1. e4 c5 2. d4 cxd4 3. c3 dxc3 4. Nxc3 Nc6 5. Nf3 e6 6. Bc4 a6 7. O-O Nge7 8.
Bg5 f6 9. Be3 Ng6 10. Qe2 Bd6 11. Rfd1 Qe7 12. a4 Nge5 13. Bb3 Nxf3+ 14. Qxf3
O-O 15. Rac1 Kh8 16. Qe2 Rb8 17. Qd2 Bb4 18. Bf4 Ne5 19. Kh1 b5 20. axb5 axb5
21. Bxe5 fxe5 22. f3 Rd8 23. Qd3 Ba6 24. Rc2 Rb6 25. Rcd2 Rd6 26. Qe2 Rxd2 27.
Qxd2 Bb7 28. Qd3 Bxc3 29. Qxc3 d6 30. Ba2 Qd7 31. h3 Kg8 32. Qe3 Rc8 33. Qb6 d5
1/2-1/2

[Event "6. ODEM U25 2009"]
[Site "Willingen GER"]
[Date "2009.06.05"]
[Round "8"]
[White "Eidner, Falk"]
[Black "Ehlers, Michael"]
[Result "1/2-1/2"]
[Termination "normal"]
[Board "12"]
[WhiteElo "2006"]
[BlackElo "1993"]
[PlyCount "39"]
[WhiteFideId "24634557"]
[BlackFideId "4674537"]
[EventCountry "GER"]
[EventRounds "9"]
[EventType "swiss"]
[EventDate "2009.05.30"]

1. e4 c5 2. Nf3 Nc6 3. d4 cxd4 4. Nxd4 Nf6 5. Nc3 g6 6. Be3 Bg7 7. Bc4 O-O 8.
Bb3 d6 9. f3 Bd7 10. Qd2 Rc8 11. O-O-O Ne5 12. Bh6 Nc4 13. Bxc4 Rxc4 14. Bxg7
Kxg7 15. h4 h5 16. g4 Qa5 17. gxh5 Nxh5 18. Rhg1 Rh8 19. Rg5 Qa6 20. Kb1
1/2-1/2

[Event "6. ODEM U25 2009"]
[Site "Willingen GER"]
[Date "2009.06.05"]
[Round "8"]
[White "Hinz, Arne"]
[Black "Höpfner, Tim"]
[Result "1-0"]
[Termination "normal"]
[Board "13"]
[WhiteElo "1965"]
[BlackElo "1824"]
[PlyCount "93"]
[WhiteFideId "24634875"]
[BlackFideId "4638310"]
[EventCountry "GER"]
[EventRounds "9"]
[EventType "swiss"]
[EventDate "2009.05.30"]

1. e4 c5 2. Nc3 d6 3. g3 g6 4. Bg2 Bg7 5. d3 Nc6 6. Nge2 e5 7. O-O Nge7 8. f4
O-O 9. Nd5 Nxd5 10. exd5 Ne7 11. fxe5 dxe5 12. c4 Nf5 13. Nc3 Nd4 14. Ne4 b6
15. Bg5 f6 16. Bd2 a6 17. b4 f5 18. Ng5 cxb4 19. Ne6 Nxe6 20. dxe6 Ra7 21. Bd5
Kh8 22. Bxb4 Re8 23. e7 Qd7 24. Qf3 Bb7 25. Rab1 Bf6 26. Bxb7 Rxb7 27. Qe2 Qd4+
28. Qf2 Qxd3 29. Rfd1 Qxc4 30. Rdc1 Qe6 31. Qf3 e4 32. Qa3 b5 33. Bc3 Rbxe7 34.
Bxf6+ Qxf6 35. Rd1 Re6 36. Qe3 g5 37. Rd7 f4 38. Qa7 R6e7 39. Rbd1 f3 40. Rxe7
Rxe7 41. Qe3 Qb2 42. Rd8+ Kg7 43. Qxg5+ Kf7 44. Qg8+ Kf6 45. Rf8+ Ke5 46. Qh8+
Kd6 47. Qxb2 1-0

[Event "6. ODEM U25 2009"]
[Site "Willingen GER"]
[Date "2009.06.05"]
[Round "8"]
[White "Thananbalasingam, Ajandhan"]
[Black "Adelhütte, Dennis"]
[Result "1-0"]
[Termination "normal"]
[Board "14"]
[WhiteElo "1926"]
[BlackElo "1712"]
[PlyCount "61"]
[BlackFideId "4661265"]
[EventCountry "GER"]
[EventRounds "9"]
[EventType "swiss"]
[EventDate "2009.05.30"]

1. e4 e6 2. d4 d5 3. Nc3 Nf6 4. e5 Nfd7 5. f4 a6 6. Nf3 c5 7. Be3 Qb6 8. a3 Qa7
9. g3 Nc6 10. Bh3 cxd4 11. Nxd4 Bc5 12. Nce2 O-O 13. O-O b5 14. c3 Bb7 15. Kh1
Rfe8 16. Nxc6 Bxc6 17. Bxc5 Nxc5 18. Nd4 Bb7 19. Qg4 Nd3 20. Qe2 Nc5 21. Rae1
Qb6 22. Qg4 Nd3 23. Re2 a5 24. Bg2 b4 25. f5 exf5 26. Nxf5 Qg6 27. Qd4 Ba6 28.
Bxd5 Nxe5 29. Rxe5 Bxf1 30. Bxa8 Kf8 31. Qc5+ 1-0

[Event "6. ODEM U25 2009"]
[Site "Willingen GER"]
[Date "2009.06.05"]
[Round "8"]
[White "Erben, Larissa"]
[Black "Stark, Timo"]
[Result "1/2-1/2"]
[Termination "normal"]
[Board "15"]
[WhiteElo "2040"]
[BlackElo "1821"]
[PlyCount "115"]
[WhiteFideId "24634590"]
[BlackFideId "4670183"]
[EventCountry "GER"]
[EventRounds "9"]
[EventType "swiss"]
[EventDate "2009.05.30"]

1. e4 c5 2. Nf3 a6 3. Nc3 Nc6 4. d4 cxd4 5. Nxd4 g6 6. Be3 Bg7 7. Qd2 Nf6 8. f3
d5 9. exd5 Nxd5 10. Nxc6 bxc6 11. Bd4 O-O 12. Bxg7 Kxg7 13. O-O-O Bb7 14. h4
Qa5 15. Qd4+ f6 16. Bd3 Nxc3 17. bxc3 Qa3+ 18. Kd2 Rad8 19. Qe3 Rd5 20. h5 Qc5
21. Qf4 Rg5 22. g4 Qd6 23. Qe3 Qc5 24. Qe1 Re5 25. Qg1 Qd5 26. hxg6 hxg6 27.
Qh2 Kf7 28. Qh7+ Ke8 29. Qxg6+ Kd7 30. Kc1 Kc7 31. Qh6 Rb8 32. Qf4 Qxa2 33. g5
Qa3+ 34. Kd2 Qd6 35. Qh4 Rxg5 36. Qh2 Qxh2+ 37. Rxh2 Rbg8 38. Rh7 R8g7 39. Rh4
c5 40. Ke3 Re5+ 41. Kf2 Reg5 42. Ra4 Rg2+ 43. Ke3 R2g3 44. Rf1 R7g5 45. Bxa6
Bxa6 46. Rxa6 Re5+ 47. Kf2 Reg5 48. Ke3 Re5+ 49. Kf2 Reg5 50. Ra7+ Kd8 51. Rb1
Rg2+ 52. Ke3 Re5+ 53. Kd3 Ke8 54. Rf1 Rge2 55. Ra2 Kf7 56. Kc4 R2e3 57. Ra5 Rf5
58. f4 1/2-1/2

[Event "6. ODEM U25 2009"]
[Site "Willingen GER"]
[Date "2009.06.05"]
[Round "8"]
[White "Holle, Cedric"]
[Black "Bart, Simon"]
[Result "0-1"]
[Termination "normal"]
[Board "16"]
[WhiteElo "1701"]
[BlackElo "1988"]
[PlyCount "94"]
[WhiteFideId "24692158"]
[BlackFideId "24637327"]
[EventCountry "GER"]
[EventRounds "9"]
[EventType "swiss"]
[EventDate "2009.05.30"]

1. e4 e5 2. Nf3 Nc6 3. d4 exd4 4. Nxd4 Bc5 5. Nxc6 Qf6 6. Qd2 bxc6 7. Bc4 Ne7
8. O-O O-O 9. Qg5 Qd4 10. Nd2 d5 11. c3 Qf6 12. Qxf6 gxf6 13. Bd3 Re8 14. Nb3
Bb6 15. c4 a5 16. c5 a4 17. cxb6 axb3 18. b7 Bxb7 19. a3 Ng6 20. f4 dxe4 21.
Bc4 Ba6 22. Bxa6 Rxa6 23. Be3 Nh4 24. g4 f5 25. g5 Ra5 26. Rac1 Rd5 27. Rxc6
Rd3 28. Kf2 Nf3 29. h3 Red8 30. Rxc7 Nd4 31. Bxd4 R8xd4 32. Rc8+ Kg7 33. Re1
Rxh3 34. Re2 Rf3+ 35. Ke1 Rxf4 36. Re3 Rg4 37. Rxb3 f4 38. Rbb8 Rxg5 39. Rg8+
Kh6 40. Rxg5 Kxg5 41. b4 e3 42. b5 f3 43. Rc8 f2+ 44. Ke2 Kf4 45. Rc2 Rd2+ 46.
Rxd2 exd2 47. Kxd2 f1=Q 0-1

[Event "6. ODEM U25 2009"]
[Site "Willingen GER"]
[Date "2009.06.05"]
[Round "8"]
[White "Rummer, Martin"]
[Black "Nehls, Benedikt"]
[Result "0-1"]
[Termination "normal"]
[Board "17"]
[WhiteElo "1589"]
[BlackElo "1836"]
[PlyCount "88"]
[WhiteFideId "12900184"]
[BlackFideId "24656771"]
[EventCountry "GER"]
[EventRounds "9"]
[EventType "swiss"]
[EventDate "2009.05.30"]

1. e4 c5 2. Nc3 Nc6 3. g3 g6 4. Bg2 Bg7 5. d3 d6 6. f4 Nf6 7. Nf3 O-O 8. O-O
Rb8 9. Be3 b5 10. Nh4 Ng4 11. Bd2 Bd4+ 12. Kh1 Nf2+ 13. Rxf2 Bxf2 14. Qf3 Bd4
15. e5 Bb7 16. Qg4 dxe5 17. f5 Qd7 18. Ne4 c4 19. Qg5 f6 20. Qh6 gxf5 21. Bh3
e6 22. Nxf6+ Rxf6 23. Qxf6 Nb4+ 24. Bg2 Bxg2+ 25. Kxg2 Nxc2 26. Rf1 Qf7 27. Qh6
cxd3 28. Nf3 Qg6 29. Qh4 e4 30. Nxd4 Nxd4 31. Qe7 Rc8 32. Bc3 Ne2 33. Be5 Qf7
34. Qg5+ Kf8 35. g4 Qg6 36. Qh4 Kg8 37. Kf2 Qxg4 38. Qe7 e3+ 39. Kxe3 Qe4+ 40.
Kd2 Qxe5 41. Rf2 Qxb2+ 42. Ke3 Qd4+ 43. Kd2 Rc2+ 44. Kd1 Qa1# 0-1

[Event "6. ODEM U25 2009"]
[Site "Willingen GER"]
[Date "2009.06.05"]
[Round "8"]
[White "Müller, Denis"]
[Black "Valet, Alexander"]
[Result "0-1"]
[Termination "normal"]
[Board "18"]
[WhiteElo "1934"]
[BlackElo "1550"]
[PlyCount "90"]
[WhiteFideId "4696140"]
[BlackFideId "24682560"]
[EventCountry "GER"]
[EventRounds "9"]
[EventType "swiss"]
[EventDate "2009.05.30"]

1. e4 d5 2. exd5 Qxd5 3. Nf3 Bf5 4. d4 Qe4+ 5. Be2 Qxc2 6. Qxc2 Bxc2 7. O-O e6
8. Bf4 c6 9. Na3 Bg6 10. Rac1 Nf6 11. Nc4 Nbd7 12. Nd6+ Bxd6 13. Bxd6 Nb6 14.
Ne5 Rd8 15. Ba3 Rxd4 16. Rfd1 Rxd1+ 17. Rxd1 Nfd5 18. Bc5 Kd8 19. Rd2 Kc7 20.
g3 Rd8 21. h4 Nf4 22. Rxd8 Nxe2+ 23. Kf1 Nxg3+ 24. fxg3 Kxd8 25. Bf8 f6 26. Nf3
Bd3+ 27. Ke1 g6 28. Nd2 Kd7 29. Nb3 Na4 30. Nc5+ Nxc5 31. Bxc5 a6 32. b4 e5 33.
Kd2 Bc4 34. a3 Ke6 35. a4 a5 36. bxa5 Bb3 37. Ke3 Kd5 38. Bb4 Bxa4 39. Bd2 f5
40. Bc3 h6 41. Bd2 g5 42. hxg5 hxg5 43. Be1 f4+ 44. gxf4 gxf4+ 45. Kf3 Bd1+ 0-1

[Event "6. ODEM U25 2009"]
[Site "Willingen GER"]
[Date "2009.06.05"]
[Round "8"]
[White "Ohnesorg, Felix"]
[Black "Takeuchi, Eiki"]
[Result "1/2-1/2"]
[Termination "normal"]
[Board "19"]
[WhiteElo "1822"]
[BlackElo "1882"]
[PlyCount "120"]
[WhiteFideId "24653578"]
[BlackFideId "24663751"]
[EventCountry "GER"]
[EventRounds "9"]
[EventType "swiss"]
[EventDate "2009.05.30"]

1. d4 Nf6 2. Nf3 g6 3. c4 Bg7 4. Nc3 d6 5. e4 O-O 6. Be2 e5 7. O-O Nc6 8. d5
Ne7 9. b4 Ne8 10. Re1 h6 11. Qc2 f5 12. h3 f4 13. Nh2 g5 14. Bd2 Nf6 15. f3 Ng6
16. c5 Bd7 17. Nd1 Nh5 18. Nf2 Ng3 19. Bd1 h5 20. a4 Rf7 21. b5 Bh6 22. Nh1
Nxh1 23. Kxh1 Nf8 24. Be2 Nh7 25. c6 bxc6 26. bxc6 Bc8 27. a5 Nf6 28. Reb1 Rg7
29. Qd1 Kh7 30. Rb4 Qg8 31. Rab1 g4 32. Rb8 Rxb8 33. Rxb8 gxh3 34. gxh3 Rg2 35.
Qe1 Rg3 36. Ba6 Bxa6 37. Rxg8 Rxg8 38. Qf2 Ra8 39. Be1 Bb5 40. Qb2 a6 41. Bf2
Rg8 42. Qb4 Ne8 43. Qe1 Bg5 44. h4 Be7 45. Nf1 Nf6 46. Nd2 Kh6 47. Nb1 Bd3 48.
Qd1 Nxe4 49. Be1 Nc5 50. Nc3 Bf5 51. Kh2 Nd3 52. Ne4 Nxe1 53. Qxe1 Rb8 54. Qf2
Bxe4 55. fxe4 Rb4 56. Qa7 Rxe4 57. Qxc7 Re2+ 58. Kh1 Bxh4 59. Qxd6+ Kg5 60. c7
Re1+ 1/2-1/2

[Event "6. ODEM U25 2009"]
[Site "Willingen GER"]
[Date "2009.06.05"]
[Round "8"]
[White "Orhan, Eda"]
[Black "Müller, Philipp"]
[Result "1/2-1/2"]
[Termination "normal"]
[Board "20"]
[WhiteElo "1769"]
[BlackElo "1870"]
[PlyCount "41"]
[WhiteFideId "24659258"]
[BlackFideId "24683701"]
[EventCountry "GER"]
[EventRounds "9"]
[EventType "swiss"]
[EventDate "2009.05.30"]

1. d4 d5 2. Nf3 Nf6 3. e3 g6 4. c4 Bg7 5. Nc3 O-O 6. Bd3 dxc4 7. Bxc4 Nbd7 8.
b4 a5 9. b5 b6 10. a4 Bb7 11. Ba3 Ne4 12. Nxe4 Bxe4 13. Rc1 Nf6 14. O-O Re8 15.
Ng5 e6 16. Nxe4 Nxe4 17. Qc2 Nd6 18. Bb3 Rc8 19. Qa2 Qd7 20. Rfd1 Red8 21. Qc2
1/2-1/2

[Event "6. ODEM U25 2009"]
[Site "Willingen GER"]
[Date "2009.06.05"]
[Round "8"]
[White "Schmidt, Matthias"]
[Black "Kabitzke, Julian"]
[Result "1/2-1/2"]
[Termination "normal"]
[Board "21"]
[WhiteElo "1803"]
[BlackElo "1823"]
[PlyCount "48"]
[WhiteFideId "12900168"]
[BlackFideId "24669547"]
[EventCountry "GER"]
[EventRounds "9"]
[EventType "swiss"]
[EventDate "2009.05.30"]

1. d4 e6 2. Nf3 Nf6 3. Bg5 Be7 4. e3 d5 5. Bd3 O-O 6. Nbd2 c5 7. c3 Nc6 8. O-O
b6 9. Re1 Bb7 10. Rc1 Re8 11. Qc2 h6 12. Bh4 Rc8 13. Qa4 a6 14. Bb1 b5 15. Qc2
g6 16. Qd3 c4 17. Qc2 Nd7 18. Bxe7 Nxe7 19. e4 dxe4 20. Nxe4 Bxe4 21. Qxe4 Qc7
22. Qh4 Kg7 23. Ne5 Nxe5 24. Rxe5 Rcd8 1/2-1/2

[Event "6. ODEM U25 2009"]
[Site "Willingen GER"]
[Date "2009.06.05"]
[Round "8"]
[White "Wenninger, Philipp"]
[Black "Fernschild, Daniel"]
[Result "1/2-1/2"]
[Termination "normal"]
[Board "22"]
[WhiteElo "1984"]
[BlackElo "1877"]
[PlyCount "60"]
[WhiteFideId "4648404"]
[BlackFideId "4624513"]
[EventCountry "GER"]
[EventRounds "9"]
[EventType "swiss"]
[EventDate "2009.05.30"]

1. d4 e6 2. Nf3 Nf6 3. e3 d5 4. Bd3 c5 5. b3 Nc6 6. Bb2 Qc7 7. Nbd2 cxd4 8.
exd4 Nb4 9. Nf1 Bd6 10. Ne3 Nxd3+ 11. Qxd3 O-O 12. O-O Bd7 13. c4 Rfc8 14. Rac1
Bc6 15. cxd5 Nxd5 16. Nxd5 exd5 17. Ng5 g6 18. g3 Qd7 19. Rfe1 Re8 20. f4 f6
21. Nf3 Re4 22. Nd2 Rxe1+ 23. Rxe1 Re8 24. Rxe8+ Qxe8 25. Kf2 Kf7 26. Qe3 Qd7
27. Nf3 Qh3 28. Qc1 Qf5 29. Qd1 Qe4 30. Bc3 Bd7 1/2-1/2

[Event "6. ODEM U25 2009"]
[Site "Willingen GER"]
[Date "2009.06.05"]
[Round "8"]
[White "Klebanov, Andrej"]
[Black "Schneider, Johannes"]
[Result "1/2-1/2"]
[Termination "normal"]
[Board "23"]
[WhiteElo "1818"]
[BlackElo "1775"]
[PlyCount "48"]
[WhiteFideId "24669989"]
[BlackFideId "24687260"]
[EventCountry "GER"]
[EventRounds "9"]
[EventType "swiss"]
[EventDate "2009.05.30"]

1. d4 d5 2. c4 e6 3. Nc3 Nf6 4. Bg5 Be7 5. Nf3 c6 6. e3 Nbd7 7. Bd3 dxc4 8.
Bxc4 b5 9. Bd3 Bb7 10. O-O a6 11. Rc1 c5 12. dxc5 Nxc5 13. Be2 Nce4 14. Nxe4
Nxe4 15. Qxd8+ Rxd8 16. Bxe7 Kxe7 17. Rc7+ Rd7 18. Rfc1 f6 19. Nd4 Nd6 20. Nc6+
Bxc6 21. R1xc6 Ra8 22. Bf3 Ra7 23. Rxa7 Rxa7 24. b3 Kd7 1/2-1/2

[Event "6. ODEM U25 2009"]
[Site "Willingen GER"]
[Date "2009.06.05"]
[Round "8"]
[White "Kropman, Alexei"]
[Black "Stemmler, Lysan"]
[Result "1-0"]
[Termination "normal"]
[Board "24"]
[WhiteElo "1964"]
[BlackElo "1856"]
[PlyCount "67"]
[WhiteFideId "24670723"]
[BlackFideId "24622451"]
[EventCountry "GER"]
[EventRounds "9"]
[EventType "swiss"]
[EventDate "2009.05.30"]

1. e4 c5 2. Nf3 d6 3. d4 cxd4 4. Nxd4 Nf6 5. Nc3 g6 6. Be3 Bg7 7. f3 O-O 8. Bc4
Nc6 9. Qd2 Bd7 10. O-O-O Rc8 11. Bb3 Ne5 12. Kb1 Nc4 13. Bxc4 Rxc4 14. g4 Re8
15. b3 Rc8 16. g5 Nh5 17. Nde2 Qa5 18. Nd5 Qxd2 19. Rxd2 b6 20. Ng3 Rc6 21.
Nxh5 gxh5 22. h4 Kf8 23. c4 Rb8 24. Rc1 f5 25. gxf6 exf6 26. Nb4 Rcc8 27. Rxd6
Bh3 28. Nc6 Rb7 29. Rg1 f5 30. Rg3 Bf1 31. exf5 Re8 32. f6 Rxe3 33. fxg7+ Rxg7
34. Rd8+ 1-0

[Event "6. ODEM U25 2009"]
[Site "Willingen GER"]
[Date "2009.06.05"]
[Round "8"]
[White "Reksten, Daniel"]
[Black "Yin, Zixiao"]
[Result "1/2-1/2"]
[Termination "normal"]
[Board "25"]
[WhiteElo "1638"]
[BlackElo "1932"]
[PlyCount "62"]
[WhiteFideId "24692590"]
[BlackFideId "24622729"]
[EventCountry "GER"]
[EventRounds "9"]
[EventType "swiss"]
[EventDate "2009.05.30"]

1. d4 d5 2. c4 Nc6 3. cxd5 Qxd5 4. Nf3 e5 5. Nc3 Bb4 6. dxe5 Qxd1+ 7. Kxd1 Bg4
8. e3 Nxe5 9. Be2 O-O-O+ 10. Ke1 Nd3+ 11. Bxd3 Rxd3 12. Bd2 Nf6 13. Ne5 Rd6 14.
Nxf7 Rxd2 15. Kxd2 Rf8 16. f3 Rxf7 17. fxg4 Ne4+ 18. Kc2 Rf2+ 19. Kb3 Bxc3 20.
bxc3 Nd2+ 21. Kb4 b6 22. c4 Ne4 23. Rhf1 a5+ 24. Ka3 Rxg2 25. Rf7 Nd6 26. Rxg7
Nxc4+ 27. Kb3 Nxe3 28. Re1 Nd5 29. Rd1 a4+ 30. Ka3 Nc3 31. Rdd7 c5 1/2-1/2

[Event "6. ODEM U25 2009"]
[Site "Willingen GER"]
[Date "2009.06.05"]
[Round "8"]
[White "Gefnider, Andreas"]
[Black "Azizi, Nassim"]
[Result "0-1"]
[Termination "normal"]
[Board "26"]
[WhiteElo "1653"]
[BlackElo "1692"]
[PlyCount "53"]
[WhiteFideId "12900176"]
[BlackFideId "4608119"]
[EventCountry "GER"]
[EventRounds "9"]
[EventType "swiss"]
[EventDate "2009.05.30"]

1. e4 c5 2. Nf3 d6 3. c3 Nf6 4. e5 dxe5 5. Nxe5 Nbd7 6. Nf3 e6 7. d4 Qc7 8. Be3
a6 9. Nbd2 Be7 10. Bd3 O-O 11. O-O Rd8 12. Qc2 cxd4 13. Nxd4 Nc5 14. Be2 Nd5
15. Ne4 Nxe3 16. fxe3 Qe5 17. Bf3 f5 18. Nxc5 Qxe3+ 19. Kh1 Bxc5 20. Rae1 Qh6
21. Nb3 Bd6 22. g3 Rb8 23. Kg2 e5 24. Bd5+ Kh8 25. c4 f4 26. Qe4 Bh3+ 27. Kh1
0-1

[Event "6. ODEM U25 2009"]
[Site "Willingen GER"]
[Date "2009.06.05"]
[Round "8"]
[White "Windjäger, Gerd"]
[Black "Kuckling, Jonas"]
[Result "1-0"]
[Termination "normal"]
[Board "27"]
[WhiteElo "1782"]
[BlackElo "1539"]
[PlyCount "71"]
[BlackFideId "24603856"]
[EventCountry "GER"]
[EventRounds "9"]
[EventType "swiss"]
[EventDate "2009.05.30"]

1. d4 d5 2. Nf3 Nf6 3. e3 Bg4 4. c4 e6 5. Qb3 b6 6. Nc3 Be7 7. Ne5 Bf5 8. Qb5+
Nbd7 9. cxd5 O-O 10. e4 Nxe5 11. dxe5 Bg6 12. Be3 exd5 13. exd5 Nd7 14. f4 Nc5
15. Rd1 Ne4 16. Qc4 Nxc3 17. bxc3 Re8 18. Be2 Bf8 19. O-O Kh8 20. Bd4 Be4 21.
Bf3 Bxf3 22. Rxf3 Rb8 23. Rh3 Qd7 24. Qd3 Qxh3 25. gxh3 Rbd8 26. Qf3 Kg8 27. h4
Kh8 28. h5 h6 29. Kh1 Kg8 30. Rg1 Kh8 31. f5 Rd7 32. f6 c5 33. fxg7+ Bxg7 34.
Rxg7 cxd4 35. Qf6 Rg8 36. Qxh6# 1-0

[Event "6. ODEM U25 2009"]
[Site "Willingen GER"]
[Date "2009.06.05"]
[Round "8"]
[White "Matschewsky, Justus"]
[Black "Holle, Eric"]
[Result "1-0"]
[Termination "normal"]
[Board "28"]
[WhiteElo "1658"]
[BlackElo "1735"]
[PlyCount "33"]
[WhiteFideId "24678708"]
[BlackFideId "4624610"]
[EventCountry "GER"]
[EventRounds "9"]
[EventType "swiss"]
[EventDate "2009.05.30"]

1. e4 e6 2. d4 d5 3. Nc3 Nf6 4. e5 Nfd7 5. f4 c5 6. Nf3 Nc6 7. Ne2 cxd4 8.
Nexd4 Qb6 9. c3 Bc5 10. Be2 f6 11. exf6 Nxf6 12. O-O a5 13. a4 O-O 14. Kh1 Ne4
15. Bb5 e5 16. Bxc6 exd4 17. Bxd5+ 1-0

[Event "6. ODEM U25 2009"]
[Site "Willingen GER"]
[Date "2009.06.05"]
[Round "8"]
[White "Nekrasova, Kateryna"]
[Black "Kempe, Markus"]
[Result "1-0"]
[Termination "normal"]
[Board "29"]
[WhiteElo "1833"]
[BlackElo "1348"]
[PlyCount "83"]
[WhiteFideId "24636266"]
[BlackFideId "24692638"]
[EventCountry "GER"]
[EventRounds "9"]
[EventType "swiss"]
[EventDate "2009.05.30"]

1. e4 c5 2. Nf3 Nc6 3. d4 cxd4 4. Nxd4 g6 5. Nc3 Bg7 6. Nb3 Nf6 7. Be2 O-O 8.
O-O b6 9. Re1 Bb7 10. Bf1 Qc7 11. Bg5 Rfd8 12. Qd2 Rac8 13. Rad1 Ne5 14. f4 Nc6
15. Nd5 Qb8 16. c3 d6 17. Bxf6 exf6 18. Bc4 Ne5 19. fxe5 Rxc4 20. exf6 Rcc8 21.
fxg7 Kxg7 22. Qd4+ Kg8 23. Ne7+ Kf8 24. Nxc8 Qxc8 25. e5 Qc6 26. Qf2 d5 27. Nd4
Qc8 28. e6 Ke7 29. Qxf7+ Kd6 30. e7 Re8 31. Qxh7 Qg4 32. Qf7 Qd7 33. Re6+ Kc7
34. Rde1 a6 35. Rxg6 b5 36. Rg8 Rxg8 37. Qxg8 b4 38. e8=Q Qxe8 39. Qxe8 bxc3
40. bxc3 a5 41. Re6 a4 42. Nb5# 1-0

[Event "6. ODEM U25 2009"]
[Site "Willingen GER"]
[Date "2009.06.05"]
[Round "8"]
[White "Durmisi, Valon"]
[Black "Ivascu, Cosmin Alexandru"]
[Result "0-1"]
[Termination "normal"]
[Board "30"]
[WhiteElo "1619"]
[BlackElo "1891"]
[PlyCount "109"]
[BlackFideId "24686034"]
[EventCountry "GER"]
[EventRounds "9"]
[EventType "swiss"]
[EventDate "2009.05.30"]

1. e4 c6 2. d4 d5 3. f3 g6 4. Nd2 Bg7 5. Nb3 e6 6. g3 Ne7 7. Bg2 O-O 8. Ne2 Nd7
9. O-O Re8 10. c3 e5 11. exd5 Nxd5 12. dxe5 Nxe5 13. Nf4 Nxf4 14. Bxf4 Nd3 15.
Qd2 Nxf4 16. Qxf4 Qb6+ 17. Kh1 Be6 18. Qa4 Bf5 19. Rfe1 Qf2 20. Rf1 Qxb2 21.
Nd4 Bxd4 22. Qxd4 Re2 23. Qg1 Rae8 24. Rfe1 Rxe1 25. Rxe1 Rxe1 26. Qxe1 Qb1 27.
Qxb1 Bxb1 28. a3 Kf8 29. Kg1 Ke7 30. Kf2 Kd6 31. Ke3 Kc5 32. Bf1 Ba2 33. h4 Bc4
34. Bh3 Ba6 35. Kd2 Bb5 36. Kc2 Bc4 37. f4 Be6 38. Bf1 b5 39. Be2 h5 40. Kb2 a5
41. Kc2 Bc4 42. Bf3 Bd5 43. Be2 b4 44. axb4+ axb4 45. cxb4+ Kxb4 46. Ba6 Be6
47. Be2 c5 48. Bf3 c4 49. Be2 c3 50. Bf3 Bf5+ 51. Kc1 Kc5 52. Bd1 Kd4 53. Bf3
Ke3 54. Bd5 f6 55. Kd1 0-1

[Event "6. ODEM U25 2009"]
[Site "Willingen GER"]
[Date "2009.06.05"]
[Round "8"]
[White "Lebeda, Timo"]
[Black "Sasse, Fabius"]
[Result "1-0"]
[Termination "normal"]
[Board "32"]
[WhiteElo "1942"]
[BlackElo "1579"]
[PlyCount "45"]
[WhiteFideId "4638565"]
[BlackFideId "24659657"]
[EventCountry "GER"]
[EventRounds "9"]
[EventType "swiss"]
[EventDate "2009.05.30"]

1. c4 e5 2. Nc3 Nf6 3. Nf3 Nc6 4. d4 exd4 5. Nxd4 Bb4 6. Bg5 h6 7. Bh4 Bxc3+ 8.
bxc3 Ne5 9. e3 O-O 10. Be2 Ng6 11. Bg3 Ne4 12. Qc2 Nxg3 13. hxg3 Re8 14. Rb1
Rb8 15. c5 c6 16. Nf5 Re5 17. Nd6 Rxc5 18. Qa4 Ra5 19. Qb4 Rd5 20. Bc4 c5 21.
Nxf7 Qf8 22. Qb3 Rf5 23. Nxh6+ 1-0

[Event "6. ODEM U25 2009"]
[Site "Willingen GER"]
[Date "2009.06.05"]
[Round "8"]
[White "Wang, Julia"]
[Black "Werner, Patrick"]
[Result "0-1"]
[Termination "normal"]
[Board "33"]
[WhiteElo "1506"]
[BlackElo "1872"]
[PlyCount "72"]
[WhiteFideId "24692565"]
[BlackFideId "24601608"]
[EventCountry "GER"]
[EventRounds "9"]
[EventType "swiss"]
[EventDate "2009.05.30"]

1. e4 g6 2. d4 Bg7 3. Nc3 d6 4. Be3 a6 5. f4 b5 6. Bd3 Bb7 7. Nf3 e6 8. e5 Ne7
9. Be4 d5 10. Bd3 Nd7 11. O-O Rc8 12. Ne2 c5 13. c3 O-O 14. Qe1 Nf5 15. Bd2 Nb6
16. Ng3 Ne7 17. Ne2 Nc4 18. Bc1 Qb6 19. f5 Nxf5 20. Bxf5 exf5 21. Qh4 cxd4 22.
Nexd4 Nxe5 23. Bh6 Nxf3+ 24. Rxf3 Bxd4+ 25. cxd4 Rfe8 26. Raf1 Re4 27. Rf4
Qxd4+ 28. Kh1 Rxf4 29. Bxf4 h5 30. h3 f6 31. Qg3 Kf7 32. Re1 Rc4 33. Bd6 g5 34.
Re7+ Kg6 35. Rxb7 Rc1+ 36. Kh2 Qg1# 0-1

[Event "6. ODEM U25 2009"]
[Site "Willingen GER"]
[Date "2009.06.05"]
[Round "8"]
[White "Plumbaum, Nadja"]
[Black "Paulus, Jeffrey"]
[Result "0-1"]
[Termination "normal"]
[Board "34"]
[WhiteElo "1667"]
[BlackElo "1917"]
[PlyCount "64"]
[WhiteFideId "24691941"]
[BlackFideId "24692468"]
[EventCountry "GER"]
[EventRounds "9"]
[EventType "swiss"]
[EventDate "2009.05.30"]

1. c4 f5 2. Nc3 g6 3. g3 Bg7 4. Bg2 c6 5. e4 d6 6. d4 fxe4 7. Nxe4 Bf5 8. Ne2
Na6 9. O-O Nf6 10. N4c3 O-O 11. a3 Qc7 12. Nf4 e5 13. dxe5 dxe5 14. Nh3 Rad8
15. Qe1 h6 16. Be3 Qc8 17. f4 Bxh3 18. Bxh3 Qxh3 19. fxe5 Ng4 20. Rxf8+ Rxf8
21. Qd2 Bxe5 22. Ne4 Nxe3 23. Qxe3 Bxb2 24. Rd1 Qg4 25. Rd6 Be5 26. Rd3 Qf5 27.
Nf2 Bc7 28. Kh1 Bb6 29. Qe7 Qxf2 30. Qe6+ Qf7 31. Qxf7+ Rxf7 32. Rd8+ Bxd8 0-1